Đánh giá chất lượng đào tạo ngành du lịch của các trường đại học ở khu vực Đồng bằng sông Cửu Long : Báo cáo tổng kết đề tài khoa học và công nghệ cấp Trường
Tìm hiểu, đánh giá hất lượng đào tạo ngành du lịch của các trường đại học ở khu vực Đồng bằng sông Cửu Long để nâng cao chất lượng đào tạo
Saved in:
| Main Author: | |
|---|---|
| Format: | Book |
| Language: | Undetermined |
| Published: |
Cần Thơ
Trường Đại học Cần Thơ
2011
|
| Subjects: | |
| Tags: |
Add Tag
No Tags, Be the first to tag this record!
|
| Institutions: | Trung tâm Học liệu Trường Đại học Cần Thơ |
|---|
| LEADER | 01311nam a2200229Ia 4500 | ||
|---|---|---|---|
| 001 | CTU_203353 | ||
| 008 | 210402s9999 xx 000 0 und d | ||
| 082 | |a 338.4791 | ||
| 082 | |b L305 | ||
| 088 | |a TSV2011-12 | ||
| 100 | |a Đào, Thị Hồng Liên | ||
| 245 | 0 | |a Đánh giá chất lượng đào tạo ngành du lịch của các trường đại học ở khu vực Đồng bằng sông Cửu Long : | |
| 245 | 0 | |b Báo cáo tổng kết đề tài khoa học và công nghệ cấp Trường | |
| 245 | 0 | |c Đào Thị Hồng Liên (Chủ nhiệm đề tài) ; Nguyễn Quốc Nghi (cán bộ hướng dẫn) ; Trần Hồng Minh Ngọc, Võ Văn Phong (tham gia thực hiện) | |
| 260 | |a Cần Thơ | ||
| 260 | |b Trường Đại học Cần Thơ | ||
| 260 | |c 2011 | ||
| 520 | |a Tìm hiểu, đánh giá hất lượng đào tạo ngành du lịch của các trường đại học ở khu vực Đồng bằng sông Cửu Long để nâng cao chất lượng đào tạo | ||
| 650 | |a Tour guide,Hướng dẫn du lịch,Đào tạo nhân sự ngành du lịch | ||
| 904 | |i Nguyên | ||
| 915 | |a KT | ||
| 980 | |a Trung tâm Học liệu Trường Đại học Cần Thơ | ||